000 00657nam a2200253 a 4500
003 AR-BaBNM
005 20251128204835.0
008 082120s2002 ||||||||||||||000 | spa||
020 _a84-8055-079-1
040 _cAR-BaBNM
100 1 _aZimmermann, Max
245 0 0 _aSexualidad
_bprograma educativo : infancia y adolescencia. 3
260 _aMadrid
_bCultural
_c1994
300 _a128 p.
_bil.
650 4 _aEDUCACION SEXUAL
650 4 _aCOMPORTAMIENTO SEXUAL
650 4 _aINFANCIA
650 4 _aADOLESCENCIA
650 4 _aFISIOLOGIA HUMANA
650 4 _aENFERMEDADES DE TRANSMISION SEXUAL
653 0 _aSIDA
942 _cBK
998 _csole
999 _c9002
_d9002